000 00316nam a22001451a 4500
020 _a9788186599426
082 _aH 510
_bVYA/R
100 _aVyas S M
245 _aRochak Ganit/
_cby Vyas S M
260 _aJaipur:
_bSurabhi,
_c2008.
300 _a150p.
650 _aMathematics
650 _aScience
942 _cBK
999 _c38558
_d38558